000 00866nam a22001937a 4500
999 _c63996
_d63996
005 20260305175706.0
008 260305s2015 enk||||| |||| 00| 0 eng d
020 _a‎9783034318303x
041 _aeng
080 _a008(520:4) A-88
245 _aAssembling Japan:
_bModernity, Technology and Global Culture /
_cEdited by
_h Griseldis Kirsch, Dolores P. Martinez, Merry White.
264 _aOxford :
_bPeter Lang,
_c2015.
300 _a253 p.;
_b23 cm.
653 _aთანამედროვეობა, ტექნოლოგია და გლობალური კულტურა იაპონიაში
700 _aKirsch, Griseldis
_eრედაქტორი
_927061
700 _aMartinez, Dolores P.
_eრედაქტორი
_927062
700 _aWhite, Merry
_eრედაქტორი
_927063
942 _2udc
_cᲬᲘᲒᲜᲘ